Представление документа в формате RUSMARC

ПолеНазваниеЗначение
  Тип записи a
  Библиографический уровень a
001 Контрольный номер c81fcbf5045c4094b1ed9533c9d08ac0
005 Дата корректировки 20260408115940.8
100 Данные общей обработки __
a Данные общей обработки 20260408 ||| 0rusy0189 ca
101 Язык документа 0_
a Язык текста rus
102 Страна публикации __
a Страна публикации RU
200 Заглавие и сведения об ответственности 1_
a Заглавие Вязёмы и Захарово: двойная история
e Сведения, относящиеся к заглавию [две подмосковные усадьбы, которые образуют Государственный историко-литературный музей-заповедник А.С. Пушкина, их краткая история]
f Первые сведения об ответственности К. Скобелева
461 Уровень набора _0
1 2000
a Маруся
463 Уровень физической единицы _0
1 2000
a № 3 (395)
v С. 29-31 : ил.
1 2101
d 2026
1 001da3fefd1167f49a39ef73b3b40c91a4b
600 Персоналии _1
a Персоналии (Фамилия) Пушкин
g Полное имя Александр Сергеевич
600 Персоналии _1
a Персоналии (Фамилия) Ганнибал
g Полное имя Мария Алексеевна
606 Тематические рубрики 0_
a Основная рубрика Пушкин, Александр Сергеевич (1799-1837) - Литературные музеи
y Географическая подрубрика Московская область
610 Ключевые слова 0_
a Ключевые слова подмосковные усадьбы, дворянские усадьбы, Вязёмы (усадьба), Захарово (усадьба), литературные музеи, пушкинские музеи, детство Пушкина, Историко-литературный музей-заповедник А.С. Пушкина
686 Индексы других классификаций __
a Классификационный индекс 83.3Р1
700 Автор _1
a Фамилия Скобелева
b Имя (инициалы) К.
g Полное личное имя Катерина
801 Источник записи _0
a Страна RU
b Организация УОБДЮ
c Дата составления 20260408
g Правила каталогизации RCR
801 Источник записи _1
a Страна RU
b Организация УОБДЮ
c Дата составления 20260408
g Правила каталогизации RCR
901 Тип документа __
t Тип документа b
w Контрольный № источника da3fefd1167f49a39ef73b3b40c91a4b
905 Данные по созданию БЗ __
b Логин пользователя, который создал БЗ ibo4
909 Создатель записи __
a Создатель записи Бобылёва И.В.
910 Корректоры записи __
a Корректор записи Бобылёва И.В.